| 000 | 01815nam a2200265Ii 4500 | ||
|---|---|---|---|
| 008 | 221202s xx 000 0 und d | ||
| 100 | 1 |
_aMicinska, Magdalena, _eauthor |
|
| 245 | 0 |
_aAt the Crossroads _b : 1865 : 1918 : : |
|
| 246 | _aA History of the Polish Intelligentsia : Part 3, Edited by Jerzy Jedlicki | ||
| 264 | 1 |
_aBern _bPeter Lang International Academic Publishers _c2015 |
|
| 300 | _a1 online resource (227 pages) | ||
| 336 |
_atext _btxt _2rdacontent |
||
| 337 |
_acomputer _bc _2rdamedia |
||
| 338 |
_aonline resource _bcr _2rdacarrier |
||
| 490 |
_aGeschichte : Erinnerung : Politik. Studies in History, Memory and Politics _v9 |
||
| 520 | _aThe three-part work provides a first synthetic account of the history of the Polish intelligentsia from the days of its formation to World War I. The third part deals with the period between 1865 and 1918. It is the period of numerical growth of the intelligentsia, growth of its self-consciousness and at the same time of growing struggles and rivalries of various political streams. The study concludes with the moment when Poland regained the independence that had been lost in 1795. The work combines social and intellectual history, tracing both the formation of the intelligentsia as a social stratum and the forms of engagement of the intelligentsia in the public discourse. Thus, it offers a broad view of the group's transformations which immensely influenced the course of the Polish history. | ||
| 653 | _a1865:1918 | ||
| 653 | _aCrossroads | ||
| 653 | _aEdited | ||
| 653 | _aHistory | ||
| 653 | _aIntelligentsia | ||
| 700 | 1 | _aJedlicki, Jerzy | |
| 856 |
_uhttps://docs.google.com/spreadsheets/d/1yKIrdCPDAG_9c22mwoOIO2DOhtj65Wqa/edit?usp=sharing&ouid=106555315294820607512&rtpof=true&sd=true _yList of Curated E-Books |
||
| 942 | _cE-BOOK | ||
| 999 |
_c91840 _d91837 |
||